Statistiques concernant Massifs montagneux de France métropolitaine - Carte quiz

Cliquez ici pour prendre le quiz!

Statistiques générales

  • Ce quiz a été pris 6 859 fois
  • Le résultat moyen est 5 sur 6

Réponses sur la Carte

Les réponses sont colorées sur une échelle allant du rouge au vert en fonction du pourcentage des utilisateurs qui les ont devinées à leur premier essai. Vous pouvez retrouver ces pourcentages ci-dessous.
 

Statistiques - réponses

Réponse% Correct
Alpes
88%
Massif Central
81%
Pyrénées
80%
Massif Corse
79%
Jura
75%
Vosges
63%

Distribution des résultats

Percentile par nombre de réponses

% des personnes avec chaque résultat

Votre développement - résultats

Vous n’avez pas pris ce quiz